Химия нуклеиновых кислот и их компонентов: учебное пособие для университетов

التفاصيل البيبلوغرافية
المؤلف الرئيسي: Шабарова З. А. Зоя Алексеевна
مؤلفون آخرون: Богданов А. А. Алексей Алексеевич
اللغة:الروسية
منشور في: Москва, Химия, 1978
الموضوعات:
التنسيق: كتاب
KOHA link:https://koha.lib.tpu.ru/cgi-bin/koha/opac-detail.pl?biblionumber=184416

MARC

LEADER 00000nam0a2200000 4500
001 184416
005 20231101223837.0
035 |a (RuTPU)RU\TPU\book\199997 
090 |a 184416 
100 |a 20100907d1978 m y0rusy50 ca 
101 0 |a rus 
102 |a RU 
105 |a a j 001zy 
200 1 |a Химия нуклеиновых кислот и их компонентов  |e учебное пособие для университетов  |f З. А. Шабарова, А. А. Богданов 
210 |a Москва  |d 1978  |c Химия 
215 |a 584 с.  |c ил. 
320 |a Библиография в конце глав. 
320 |a Предметный указатель: с. 369-582. 
606 1 |a Нуклеиновые кислоты  |x Химия  |2 stltpush  |3 (RuTPU)RU\TPU\subj\46342  |9 65486 
610 1 |a компоненты 
610 1 |a структура 
610 1 |a свойства 
610 1 |a нуклеозиды 
610 1 |a нуклеотиды 
610 1 |a конформация 
610 1 |a микроструктура 
610 1 |a полинуклеотиды 
610 1 |a химические свойства 
610 1 |a модификация 
610 1 |a синтез 
610 1 |a учебные пособия 
675 |a 547.963(075.8)  |v 3 
700 1 |a Шабарова  |b З. А.  |g Зоя Алексеевна 
701 1 |a Богданов  |b А. А.  |g Алексей Алексеевич 
801 1 |a RU  |b 63413507  |c 20100907 
801 2 |a RU  |b 63413507  |c 20190124  |g RCR 
942 |c BK